Estado nutricional, alimentacao e capacidade fisica de trabalhadores volantes rurais ou boias-frias [Ribeirao Preto, Sao Paulo, Brasil] (Registro n. 333930)
[ somente texto ]
| 000 -LÍDER | |
|---|---|
| campo de controle de tamanho fixo | 01324naa a22003377a 4500 |
| 001 - NÚMERO DE CONTROLE | |
| campo de controle | BR8107833 |
| 003 - IDENTIFICADOR DO NÚMERO DE CONTROLE | |
| campo de controle | BR-BrBNA |
| 005 - DATA E HORÁRIO DA ÚLTIMA TRANSAÇÃO | |
| campo de controle | 20250716171955.0 |
| 007 - CAMPO FIXO DE DESCRIÇÃO FÍSICA--INFORMAÇÃO GERAL | |
| campo de controle de tamanho fixo | ta |
| 008 - CAMPO DE DADOS FIXOS--INFORMAÇÃO GERAL | |
| campo de controle de tamanho fixo | 250630b bl.|||m| |||| 00| 0 por d |
| 040 ## - FONTE DA CATALOGAÇÃO | |
| Instituição da catalogação original | BR-BrBNA |
| Idioma da catalogação | por |
| Instituição que transcreveu o registro | Biblioteca Nacional de Agricultura |
| 041 ## - CÓDIGO DE IDIOMA | |
| Código do idioma do texto/trilha sonora ou título diferente | (Pt) |
| 072 ## - CÓDIGO DE CATEGORIA DE ASSUNTO | |
| Código de Categoria de Assunto | S00; S30 |
| Código do objeto | /G514 |
| 090 ## - NÚMERO DE CHAMADA LOCAL | |
| Número de chamada | S00 BR8107833 |
| 100 1# - ENTRADA PRINCIPAL--NOME PESSOAL | |
| Nome pessoal | Angeleli, W.A. |
| 100 1# - ENTRADA PRINCIPAL--NOME PESSOAL | |
| Nome pessoal | Duarte, F.A.M. |
| 100 1# - ENTRADA PRINCIPAL--NOME PESSOAL | |
| Nome pessoal | Oliveira, J.E.D. de |
| 245 1# - TÍTULO | |
| Título | Estado nutricional, alimentacao e capacidade fisica de trabalhadores volantes rurais ou boias-frias [Ribeirao Preto, Sao Paulo, Brasil] |
| 490 ## - TÍTULO DA SÉRIE | |
| Título da série | Publicacao ACIESP (Brazil) |
| Número do volume ou designação sequencial da série | no. 30 |
| 500 ## - NOTA GERAL | |
| Nota geral | Bioas-frias, um estudo socio-economico-nutricional sobre trabalhadores volantes rurais da area de Ribeirao Preto<br/>Sao Paulo, SP (Brasil): 1981. p. 7-85 [13 tables; 21 ref.]<br/>(BR8107833-AMS)<br/> |
| 650 ## - ASSUNTO--TERMO TÓPICO | |
| Cabeçalho tópico ou nome geográfico | TRABALHADOR RURAL |
| 650 ## - ASSUNTO--TERMO TÓPICO | |
| Cabeçalho tópico ou nome geográfico | BAIXA RENDA |
| 650 ## - ASSUNTO--TERMO TÓPICO | |
| Cabeçalho tópico ou nome geográfico | ALIMENTACAO |
| 650 ## - ASSUNTO--TERMO TÓPICO | |
| Cabeçalho tópico ou nome geográfico | EXIGENCIA NUTRICIONAL |
| 650 ## - ASSUNTO--TERMO TÓPICO | |
| Cabeçalho tópico ou nome geográfico | CONSUMO ALIMENTAR |
| 650 ## - ASSUNTO--TERMO TÓPICO | |
| Cabeçalho tópico ou nome geográfico | RIBEIRAO PRETO |
| 650 ## - ASSUNTO--TERMO TÓPICO | |
| Cabeçalho tópico ou nome geográfico | SAO PAULO |
| 773 0# - ENTRADA ANALÍTICA | |
| Título | Bioas-frias, um estudo socio-economico-nutricional sobre trabalhadores volantes rurais da area de Ribeirao Preto |
| Número de controle do registro | S00 BR8107833 |
| Partes relacionadas | Sao Paulo, SP (Brasil), 1981. p. 7-85 |
| 942 ## - ELEMENTOS DE ENTRADA ADICIONADOS (KOHA) | |
| Tipo de material Koha | Analítica de Monografia Seriada |
| Fonte da classificação ou esquema de arquivamento na estante | Classificação AGRIS |
| 909 ## - | |
| -- | 202506 |
| -- | Lúcia |
| -- | 55 |
| -- | Lúcia Elande |
| Situação do descarte | Fonte da classificação ou esquema de arquivamento na estante | Situação física | Não pode ser emprestado | Coleção | Biblioteca de origem | Biblioteca atual | Total de empréstimos | Data de último acesso | Número do exemplar | Tipo de material Koha | Situação das perdas | Data de aquisição | Fonte de aquisição |
|---|---|---|---|---|---|---|---|---|---|---|---|---|---|
| Classificação AGRIS | Biblioteca Nacional de Agricultura - Binagri | Biblioteca Nacional de Agricultura - Binagri | 30/06/2025 | 01 | Analítica de Monografia Seriada | 2025-06-30 | Portaria Interministerial nº 164/94 |

BINAGRI